000 00539nam a2200181Ia 4500
999 _c34069
_d34069
003 OSt
005 20200918102835.0
008 190216s9999||||xx |||||||||||||| ||und||
020 _a0070993831
040 _coclc
082 _a620.0044
_bJON/I
100 _aJones, Barry E
_94723
245 0 _aInstrumentation, Measurement And Feedback /
_cBarry E Jones
260 _bTataMcgraw -hill Publishing,
_aNew Delhi:
_c2003.
300 _a283p
650 _aPhysics
942 _cBK
_2ddc
_h620.0044
_iJON/I
_k620.0044
_mJON/I